| 000 | 00874nam a2200229 i 4500 | ||
|---|---|---|---|
| 001 | 106368 | ||
| 003 | ES-MaACL | ||
| 005 | 20230906184127.0 | ||
| 007 | t| | ||
| 008 | 061103s1926 sp ||||1| spa d | ||
| 080 | _a165.72(38) | ||
| 100 | 0 |
_aSexto Empírico. _9105957 |
|
| 245 | 1 | 4 |
_aLos tres libros de hipotiposis pirrónicas / _cde Sexto Empírico ; traducidos del griego y adicionados de tres apéndices por Lucio Gil Fagoaga. |
| 260 |
_aMadrid : _bReus, _c1926. |
||
| 300 |
_a340 p., 1 h. de lám. ; _c22 cm. |
||
| 490 | 1 |
_aBiblioteca filosófica de autores españoles y extranjeros ; _v9 |
|
| 650 | 1 | 4 |
_aEscépticos. _912356 |
| 700 | 1 |
_aGil de Fagoaga, Lucio. _956794 |
|
| 830 | 0 |
_aBiblioteca filosófica de autores españoles y extranjeros ; _v9 _9232835 |
|
| 852 |
_aES-MaACL _jE-11353 _z. - Biblioteca Jacinto Martínez Lacalle |
||
| 999 |
_c106368 _d106368 |
||